| 000 | 01020cam a22003015a 4500 | ||
|---|---|---|---|
| 001 | 17158861 | ||
| 005 | 20150929131648.0 | ||
| 008 | 120210t2013 maua frbd 001 0 eng d | ||
| 020 | _a9781449624675 (pbk.) | ||
| 020 | _a1449624677 (pbk.) | ||
| 040 |
_aDLC _beng _cDLC _dDLC _dEG-ScBUE |
||
| 082 | 0 | 4 |
_a621.31244 _bBAL _222 |
| 100 | 1 |
_aBalfour, John _q(John R.) _938429 |
|
| 245 | 1 | 0 |
_aIntroduction to photovoltaic system design / _cJohn Balfour, Michael Shaw, Nicole Bremer Nash. |
| 246 | 3 | 0 | _aPhotovoltaic system design |
| 260 |
_aBurlington : _bJones & Bartlett Learning, _cc.2013. |
||
| 300 |
_axi, 236 p. : _bill. ; _c23 cm. |
||
| 490 | 0 | _aThe art and science of photovoltaics | |
| 500 | _aGlossary : p. 221-222. | ||
| 500 | _aIndex : p. 225-236. | ||
| 504 | _aBibliography : p. 223. | ||
| 650 | 0 |
_aPhotovoltaic power systems. _2BUEsh _932972 |
|
| 651 | _2BUEsh | ||
| 653 |
_bENGGEN _cJune2015 _cSeptember2015 |
||
| 700 | 1 | _aShaw, Michael. | |
| 700 | 1 | _aNash, Nicole Bremer. | |
| 942 |
_2ddc _k621.31244 BAL |
||
| 999 |
_c19944 _d19916 |
||